000 00366nam a22001457a 4500
020 _a81-8356-012-1
082 _a547
_bTYA/O
100 _aTYAGI RAJPAL
245 _aORGANIC REACTIONS
_bMECHANISM WITH PROBLEMS
250 _aFIRST EDITION
260 _aDELHI
_bDISCOVERY PUBLISHING HOUSE
_c2005
300 _a498
650 _aCHEMISTRY REFERENCE
_zINDIA
942 _cBK
999 _c1478
_d1478